| 000 | 00796cam a22002411 4500 | ||
|---|---|---|---|
| 001 | rc 01002605 | ||
| 003 | DLC | ||
| 005 | 20260227111907.0 | ||
| 007 | cr_||||||||||| | ||
| 008 | 770204s1881 pau 000 0 eng | ||
| 010 | _arc 01002605 | ||
| 035 | _a(OCoLC)2721589 | ||
| 040 |
_aDLC _cTxDa _dTxDa _dDLC |
||
| 042 | _apremarc | ||
| 050 | 0 | 0 |
_aF394.S2 _bG6 |
| 100 | 1 | _aGoff, George Paul. | |
| 245 | 1 | 0 |
_aSan Antonio and environs. _cBy Geo. P. Goff. |
| 260 |
_aLancaster, Pa., _bInquirer printing and publishing co., _c1881. |
||
| 300 |
_a166 p. incl. front., illus., maps, plan. _c17 cm. |
||
| 530 | _aAlso available in digital form on the Internet Archive Web site. | ||
| 651 | 0 |
_aSan Antonio (Tex.) _xDescription and travel. |
|
| 856 | 4 | 1 | _uhttp://hdl.loc.gov/loc.gdc/scd0001.00146493774 |
| 999 |
_c52350 _d52350 |
||